[Event "Verkhnya Salda-ch op"]
[Site "Verkhnya Salda"]
[Date "2009.11.14"]
[Round "5"]
[White "Dashevsky, Sergey"]
[Black "Yaschenko, Yury"]
[Result "1-0"]
[WhiteElo "2258"]
[BlackElo "1971"]
[PlyCount "121"]
[EventDate "2009.10.22"]
[EventType "swiss"]
[EventRounds "9"]
[EventCountry "RUS"]
[SourceTitle "EXT 2022"]
[Source "ChessBase"]
[SourceDate "2021.10.06"]
[SourceVersion "1"]
[SourceVersionDate "2021.10.06"]
[SourceQuality "1"]

1. e4 e5 2. Nf3 Nc6 3. Bb5 a6 4. Ba4 Nf6 5. 0-0 Be7 6. Re1 d6 7. c3 b5 8. Bb3 Na5 9. Bc2 c5 10. h3 c4 11. d3 cxd3 12. Bxd3 Bd7 13. Nbd2 Qc7 14. Nf1 0-0 15. Bg5 h6 16. Bh4 g5 17. Bg3 g4 18. hxg4 Bxg4 19. N1h2 Bh5 20. Qc1 Kh7 21. Nh4 Ng8 22. f4 Bxh4 23. Bxh4 Nc6 24. g4 exf4 25. gxh5 Ne5 26. Be2 d5 27. Qxf4 dxe4 28. Qf5+ Kh8 29. Ng4 f6 30. Kh1 e3 31. Rf1 Nxg4 32. Qxg4 Rad8 33. Rad1 Rd2 34. Rxd2 exd2 35. Qd4 Qc6+ 36. Bf3 Qe6 37. Kh2 Qe5+ 38. Qxe5 fxe5 39. Kg2 e4 40. Be2 Re8 41. Rd1 e3 42. Kf3 Kg7 43. Rg1+ Kf7 44. Bd1 Nf6 45. Bxf6 Kxf6 46. Rg6+ Kf7 47. Rxa6 Kg7 48. Rg6+ Kh7 49. Rg3 Re5 50. Rh3 Kg7 51. Ke2 Kf6 52. Kd3 Kg5 53. Rxe3 Rd5+ 54. Kc2 Kf4 55. Rd3 Rc5 56. Rxd2 b4 57. Rd4+ Ke3 58. Rxb4 Rf5 59. Kb3 Rf1 60. Bc2 Rh1 61. Bg6 1-0

[Event "Verkhnya Salda-ch op"]
[Site "Verkhnya Salda"]
[Date "2009.10.24"]
[Round "2"]
[White "Ivanov, Alexander V1111"]
[Black "Yaschenko, Yury"]
[Result "1-0"]
[WhiteElo "2148"]
[BlackElo "1971"]
[PlyCount "63"]
[EventDate "2009.10.22"]
[EventType "swiss"]
[EventRounds "9"]
[EventCountry "RUS"]
[SourceTitle "EXT 2022"]
[Source "ChessBase"]
[SourceDate "2021.10.06"]
[SourceVersion "1"]
[SourceVersionDate "2021.10.06"]
[SourceQuality "1"]

1. d4 d5 2. c4 e6 3. Nc3 Nf6 4. Bg5 Be7 5. Nf3 c6 6. g3 0-0 7. Bg2 Nbd7 8. 0-0 dxc4 9. e4 h6 10. Bf4 b5 11. d5 Qb6 12. dxe6 fxe6 13. Nd4 e5 14. Nf5 Bc5 15. Bxh6 gxh6 16. Qd2 Ng4 17. h3 Nxf2 18. Kh2 Rxf5 19. exf5 Nf6 20. Rxf2 Bxf2 21. Qxh6 Qd8 22. Bxc6 Rb8 23. Qg6+ Kh8 24. Rd1 Bd4 25. Ne4 Nh7 26. Nd6 Ng5 27. Qh6+ Kg8 28. Bd5+ Ne6 29. Bxe6+ Bxe6 30. Qxe6+ Kh8 31. Qh6+ Kg8 32. Qg6+ 1-0

[Event "Gornozavodsk-ch 8th okrug op"]
[Site "Nizhnij Tagil"]
[Date "2007.07.31"]
[Round "7"]
[White "Yaschenko, Yury"]
[Black "Botalov, Anatoly"]
[Result "0-1"]
[WhiteElo "2085"]
[BlackElo "2037"]
[PlyCount "126"]
[EventDate "2007.07.24"]
[EventType "swiss"]
[EventRounds "9"]
[EventCountry "RUS"]
[SourceTitle "EXT 2022"]
[Source "ChessBase"]
[SourceDate "2021.10.06"]
[SourceVersion "1"]
[SourceVersionDate "2021.10.06"]
[SourceQuality "1"]

1. e4 c6 2. d4 d5 3. Nc3 dxe4 4. Nxe4 Nd7 5. Bc4 Ngf6 6. Ng5 e6 7. Qe2 Nb6 8. c3 Nxc4 9. Qxc4 Qd5 10. Qxd5 exd5 11. Bf4 h6 12. N5f3 Ne4 13. h4 Bf5 14. Ne2 f6 15. Ng3 Nxg3 16. Bxg3 h5 17. 0-0 Kd7 18. Rfe1 Be7 19. Bf4 Rhe8 20. Nd2 Bf8 21. Be3 Bd6 22. Nb3 b6 23. Nc1 Re7 24. a4 a5 25. Bd2 Rxe1+ 26. Bxe1 Re8 27. Kf1 Bf4 28. b4 Bc2 29. Ra2 Bxa4 30. Rxa4 Bxc1 31. bxa5 Ra8 32. a6 b5 33. Ra2 Bf4 34. f3 Kc7 35. g4 hxg4 36. fxg4 Kb6 37. Rf2 Bg3 38. Re2 Bxe1 39. Rxe1 Rxa6 40. Re7 Ra7 41. Re8 Rc7 42. g5 fxg5 43. hxg5 c5 44. Ke2 cxd4 45. cxd4 b4 46. Rb8+ Rb7 47. Rc8 Rf7 48. Rg8 Kb5 49. Kd3 Rf3+ 50. Ke2 Rg3 51. Rxg7 Kc4 52. g6 Kxd4 53. Rb7 Rxg6 54. Rxb4+ Kc3 55. Rb8 Rg2+ 56. Kd1 d4 57. Rh8 Rg3 58. Rh1 Kd3 59. Rf1 Rh3 60. Rg1 Kc3 61. Rf1 Rh2 62. Rf3+ d3 63. Rf1 Ra2 0-1

[Event "RUS-ch sf Urals 60th"]
[Site "Nizhnij Tagil"]
[Date "2007.03.18"]
[Round "5"]
[White "Yaschenko, Yury"]
[Black "Povodyr, Alexander"]
[Result "1-0"]
[WhiteElo "2076"]
[BlackElo "2002"]
[PlyCount "66"]
[EventDate "2007.03.14"]
[EventType "swiss"]
[EventRounds "9"]
[EventCountry "RUS"]
[SourceTitle "CBM 117 Extra"]
[Source "ChessBase"]
[SourceDate "2007.05.09"]
[SourceVersion "1"]
[SourceVersionDate "2007.05.09"]
[SourceQuality "1"]

1. d4 Nf6 2. c4 e6 3. Nc3 b6 4. e4 Bb7 5. Bd3 Bb4 6. Bg5 h6 7. Bxf6 Qxf6 8. Nf3 Nc6 9. a3 Bxc3+ 10. bxc3 g5 11. e5 Qg7 12. Be4 0-0 13. h4 g4 14. Nh2 h5 15. Qd2 f5 16. exf6 Rxf6 17. f3 Raf8 18. Rb1 gxf3 19. Nxf3 Qg3+ 20. Kd1 Rf4 21. Qe3 Rxe4 22. Qxe4 Na5 23. d5 exd5 24. cxd5 Ba6 25. Ng5 Bd3 26. Rh3 Rf1+ 27. Kd2 Nc4+ 28. Qxc4 Qxg2+ 29. Kxd3 b5 30. Qb3 Rf2 31. d6+ Kh8 32. Re1 Rb2 33. Qxb2 Qd5+ 1-0